| 000 | 00335 a2200121 4500 | ||
|---|---|---|---|
| 020 | _a9964877005 | ||
| 050 |
_aBV4319.E64 _bH68 1988 |
||
| 100 |
_aEngel, James F. _91494 |
||
| 245 |
_aHow to get your message across / _cJames F Engel. |
||
| 260 |
_bAfrican Christian Press, _cC1988. |
||
| 300 |
_a156 p. : _bill. ; _c18 cm. |
||
| 942 |
_2lcc _cBK _n0 |
||
| 999 |
_c722 _d722 |
||